Institucionální změna a výkonnost tranzitivních ekonomik

Inštitucionálne zmeny a ich súvislosti s výkonnosťou tranzitívnych ekonomík. Prehľad makroekonomických štúdií a štúdií na úrovni podniku. Implikácia pre hospodársku politiku. Priemyselná, obchodná a konkurenčná politika. Inštitucionálny model EÚ.

Na minha lista:
Detalhes bibliográficos
Autor principal: Hare, Paul
Formato: Capítulo de Livro
Idioma:tcheco
Assuntos:
Tags: Adicionar Tag
Sem tags, seja o primeiro a adicionar uma tag!

MARC

LEADER 00000naa a2200000 4500
001 r049034
005 20231003115615.1
041 0 |a cze 
044 |a CZ 
245 1 0 |a Institucionální změna a výkonnost tranzitivních ekonomik  |c Paul Hare 
520 |a Inštitucionálne zmeny a ich súvislosti s výkonnosťou tranzitívnych ekonomík. Prehľad makroekonomických štúdií a štúdií na úrovni podniku. Implikácia pre hospodársku politiku. Priemyselná, obchodná a konkurenčná politika. Inštitucionálny model EÚ. 
610 2 0 |a výkonnosť ekonomiky 
610 2 0 |a SVE 
610 2 0 |a Európska únia 
610 2 0 |a inštitúcia 
610 2 0 |a makroekonomika 
610 2 0 |a mikroekonomika 
610 2 0 |a podnik 
610 2 0 |a štúdie prípadové 
610 2 0 |a teórie ekonomické 
610 2 0 |a inštitucionalizmus 
100 1 |a Hare, Paul